| 000 | 01466cam a22003857a 4500 | ||
|---|---|---|---|
| 003 | CHAP | ||
| 005 | 20220329142607.0 | ||
| 008 | 020228d2001 mx d r 00110 spa d | ||
| 010 | _a85412 | ||
| 011 | _a86384 | ||
| 035 | _a96922 | ||
| 040 | _cCHAP | ||
| 090 | _aTesis | ||
| 100 | 0 | 0 |
_aMartínez Villarreal, Fidel. _972623 |
| 245 | 1 | 0 |
_aSeroprevalencia de brucelosis en cabras prepúberes de los municipios de Tlahualilo y Mapimí, Dgo. _c/por Fidel Martínez Villarreal |
| 260 |
_aBermejillo, Dgo. : _bEl autor, _c2001. |
||
| 300 |
_a53 h. : _bgráf. ; cuadros |
||
| 502 | _aTesis (Ing. Agr. en Sistemas Pecuarios de Zonas Aridas) -- UACH. Unidad Regional Universitaria de Zonas Aridas | ||
| 590 |
_aALEPH _b10 _c20130110 _lUCH01 _h1446 |
||
| 590 |
_aBATCH-UPD _b10 _c20130110 _lUCH01 _h0155 |
||
| 590 |
_aBATCH-UPD _b10 _c20130110 _lUCH01 _h1958 |
||
| 590 |
_aBATCH-UPD _b10 _c20130409 _lUCH01 _h2157 |
||
| 590 |
_aBATCH-UPD _b10 _c20130410 _lUCH01 _h1318 |
||
| 590 |
_aBATCH-UPD _b10 _c20130914 _lUCH01 _h0753 |
||
| 590 |
_aCONVERSION _b10 _c20130109 _lUCH01 _h1347 |
||
| 650 | 1 | 4 |
_aAntigenos y anticuerpos. _96080 |
| 650 | 1 | 4 |
_aBrucella melitensis. _915733 |
| 650 | 1 | 4 |
_aBrucelosis. _915734 |
| 650 | 1 | 4 |
_aGanado cabrío _xEnfermedades. _945007 |
| 901 | _aBK | ||
| 905 | _aMarco A. Mendoza T. | ||
| 942 | _cFOLL | ||
| 949 |
_aTesis _bBC _cTES _d33724000860995 _eTS2 _fc.2 _gDonaciØn _h39347 _i96922 _sb |
||
| 949 |
_aTesis _bBC _cTES _d969221 _eTS1 _gDonaciØn _h39346 _i96922 _sb |
||
| 999 |
_c85412 _d85412 |
||